000
00315 a2200145 4500
001
61603
020
_a
040
_c
Anchieta - Pituba
240
1
0
_a
História das Civilizações
_l
por
245
1
0
_a
História das Civilizações
300
_a
280
362
0
_a
1973
650
4
_a
História do mundo
942
_c
BK
999
_c
61603
_d
61603